[Event "Torneio Interno de Inverno ALEX 2016"]
[Site "Rio de Janeiro"]
[Date "2016.06.28"]
[Round "1.1"]
[White "Ramos Simoes, Leo"]
[Black "Pinon, Antonio Marcos"]
[Result "1-0"]
[WhiteElo "2051"]
[BlackElo "1715"]
[EventType "Swiss"]
[EventRounds "6"]
[EventCountry "BRA"]

1. e4 g6 2. d4 Bg7 3. f4 c5 4. d5 d6 5. Nf3 Bg4 6. Be2 Bxf3 7. Bxf3 Na6 8. c3
Nc7 9. a4 a5 10. O-O Rb8 11. Be3 Nh6 12. Qd2 f5 13. e5 Ng4 14. Bxg4 fxg4 15.
e6 O-O 16. c4 b6 17. Nc3 Ne8 18. Ne4 Nf6 19. Ng5 Qe8 20. g3 Ra8 21. Nf7 Nh5
22. f5 Rxf7 23. exf7+ Qxf7 24. fxg6 Qxg6 25. Rae1 Nf6 26. Qe2 Nd7 27. Bf4 Be5
28. Qe4 Qg7 29. Qf5 Bd4+ 30. Kh1 Nf6 31. Qe6+ Kf8 32. Bxd6 exd6 33. Re4 Be5
34. Rxe5 {#r} 1-0

[Event "Torneio Interno de Inverno ALEX 2016"]
[Site "Rio de Janeiro"]
[Date "2016.06.28"]
[Round "1.2"]
[White "Silveira, Jorge"]
[Black "Soares, Estevao Luis"]
[Result "1/2-1/2"]
[WhiteElo "1712"]
[BlackElo "2023"]
[EventType "Swiss"]
[EventRounds "6"]
[EventCountry "BRA"]

1. Nf3 Nf6 2. g3 g6 3. Bg2 Bg7 4. O-O O-O 5. d4 d6 6. c4 Nc6 7. Nc3 Na5 8. Qa4
c5 9. b3 Bd7 10. Qa3 cxd4 11. Nb5 Nc6 12. Nbxd4 Qc8 13. Bb2 Bh3 14. Rad1 Bxg2
15. Kxg2 a5 16. Nxc6 bxc6 17. Bxf6 Bxf6 18. c5 d5 19. Qa4 e5 20. e4 Qe6 21.
exd5 cxd5 22. c6 Rfc8 23. Rc1 d4 24. Rfe1 Qd6 25. Qc4 Re8 26. Nd2 Qb4 27. Ne4
Qe7 28. f4 exf4 29. Nxf6+ Qxf6 30. Rxe8+ Rxe8 31. c7 f3+ 32. Kf1 Rc8 33. Kf2
Qg5 34. Qxd4 Qxc1 35. Qd8+ Rxd8 36. cxd8=Q+ Kg7 37. Qxa5 Qh1 38. Qc3+ Kg8 39.
Qxf3 Qxh2+ 40. Qg2 Qh6 41. Qa8+ Kg7 42. Qg2 Qc1 43. Qf3 h5 44. Qe3 Qb2+ 45.
Qe2 Qd4+ {#d} 1/2-1/2

[Event "Torneio Interno de Inverno ALEX 2016"]
[Site "Rio de Janeiro"]
[Date "2016.06.28"]
[Round "1.4"]
[White "Ribeiro de Carvalho, Irahy"]
[Black "Madeu, Fernando"]
[Result "1/2-1/2"]
[WhiteElo "1634"]
[BlackElo "2006"]
[EventType "Swiss"]
[EventRounds "6"]
[EventCountry "BRA"]

1. e4 e5 2. Nf3 Nc6 3. Bc4 Nf6 4. O-O Nxe4 5. Re1 d5 6. Bb3 Be7 7. d3 Nc5 8.
Nxe5 Nxe5 9. Rxe5 Be6 10. Nc3 c6 11. d4 Nd7 12. Re1 O-O 13. Bf4 Nf6 14. a3 Qd7
15. Qf3 Rfe8 16. Na4 b6 17. Be5 Rac8 18. Nc3 Bg4 19. Qe3 Bf5 20. f3 h6 {
Anotacao incompleta em funcao de lance ilegal no 21o lance das brancas, que so
foi percebido ao fim da partida.} {#d} 1/2-1/2

[Event "Torneio Interno de Inverno ALEX 2016"]
[Site "Rio de Janeiro"]
[Date "2016.06.28"]
[Round "1.6"]
[White "de Souza Negreiros, Diogenes"]
[Black "Lima, Juarez"]
[Result "0-1"]
[WhiteElo "1629"]
[BlackElo "1972"]
[EventType "Swiss"]
[EventRounds "6"]
[EventCountry "BRA"]

1. d4 Nf6 2. c4 Nc6 3. Nc3 d6 4. Nf3 Bg4 5. d5 Bxf3 6. exf3 Ne5 7. Be2 g6 8.
O-O Bg7 9. Bf4 Nh5 10. Be3 Nd7 11. Qd2 O-O 12. Bh6 e5 13. dxe6 fxe6 14. Bxg7
Kxg7 15. g3 a6 16. f4 Nhf6 17. Bf3 Rb8 18. Rad1 Rf7 19. Rfe1 Re7 20. Re2 Qg8
21. Rde1 Qf7 22. Ne4 Nxe4 23. Bxe4 Qf6 24. Bd5 e5 25. fxe5 dxe5 26. f4 c6 27.
Bg2 Rbe8 28. fxe5 Nxe5 29. b3 Ng4 30. Rxe7+ Rxe7 31. Rxe7+ Qxe7 32. Qd4+ Nf6
33. g4 g5 34. h4 Qe1+ 35. Bf1 Qxh4 36. Be2 Qe1+ 37. Bf1 Qg3+ 38. Bg2 Qxg4 39.
Qe5 Kg6 40. Qe7 Qd4+ 41. Kf1 h5 42. Qxb7 Qd1+ 43. Kf2 Ng4+ 44. Kg3 Qe1+ 45.
Kh3 Qh4# 0-1

[Event "Torneio Interno de Inverno ALEX 2016"]
[Site "Rio de Janeiro"]
[Date "2016.06.28"]
[Round "1.9"]
[White "Rabello, David"]
[Black "Faraco, Pedro"]
[Result "1-0"]
[WhiteElo "1800"]
[BlackElo "1415"]
[EventType "Swiss"]
[EventRounds "6"]
[EventCountry "BRA"]

1. e4 c5 2. Nf3 d6 3. c3 Nf6 4. Be2 g6 5. O-O Bg7 6. Bc4 O-O 7. d3 Bg4 8. h3
Bxf3 9. Qxf3 Nc6 10. Bf4 Qb6 11. Bb3 Nd7 12. Nd2 Nde5 13. Bxe5 Nxe5 14. Qe2
Rac8 15. Kh1 e6 16. f4 Nc6 17. Nc4 Qc7 18. f5 exf5 19. exf5 b5 20. Ne3 Rce8
21. Qf2 Ne5 22. fxg6 hxg6 23. Nd5 Qd8 24. Qg3 Nc6 25. Nf4 Ne5 26. Nxg6 Nxg6
27. Qxg6 c4 28. Qg4 cxb3 29. Rf3 Re2 30. Raf1 bxa2 31. Rg3 {#r} 1-0

[Event "Torneio Interno de Inverno ALEX 2016"]
[Site "Rio de Janeiro"]
[Date "2016.07.05"]
[Round "2.1"]
[White "Alves Rolim, Carlos"]
[Black "Ramos Simoes, Leo"]
[Result "1-0"]
[WhiteElo "1908"]
[BlackElo "2051"]
[EventType "Swiss"]
[EventRounds "6"]
[EventCountry "BRA"]

1. d4 d5 2. c4 e6 3. Nc3 Nf6 4. Bg5 Be7 5. e3 b6 6. Nf3 Bb7 7. Rc1 Nbd7 8. a3
c5 9. dxc5 Nxc5 10. b4 Nce4 11. Qa4+ Qd7 12. Qxd7+ Kxd7 13. cxd5 exd5 14. Bb5+
Kd8 15. Nxe4 Nxe4 16. Bxe7+ Kxe7 17. Rc7+ Kf6 18. Rxb7 Nd6 19. Ba6 Rhc8 20.
O-O Rc3 21. a4 Nxb7 22. Bxb7 Rd8 23. Nd4 Rd7 24. Bc6 Rd6 25. Bb7 Rd7 26. Ba6
Ra3 27. Rc1 Re7 28. Bb5 g6 29. g3 a6 30. Bxa6 Rxa4 31. Bf1 Rxb4 32. Nc6 Rb2
33. Nxe7 Kxe7 34. Rd1 Ke6 35. Bg2 Rb5 36. f4 f5 37. h3 h5 38. Bf3 Rc5 39. Rb1
b5 40. Be2 Rc3 41. Kf2 h4 42. gxh4 d4 43. exd4 Rxh3 44. Rxb5 Rh2+ 45. Ke3 Rh3+
46. Bf3 Rxh4 47. Rb6+ Kf7 48. d5 Rh8 49. Kd4 Re8 50. d6 Rd8 51. Bd5+ Kf6 52.
Rb7 g5 53. fxg5+ Kxg5 54. Ke5 {#r} 1-0

[Event "Torneio Interno de Inverno ALEX 2016"]
[Site "Rio de Janeiro"]
[Date "2016.07.05"]
[Round "2.2"]
[White "Siqueira de Azevedo, Thiago"]
[Black "Frota, Alvaro"]
[Result "0-1"]
[WhiteElo "1848"]
[BlackElo "2007"]
[EventType "Swiss"]
[EventRounds "6"]
[EventCountry "BRA"]

1. e4 e5 2. Nf3 Nc6 3. Bb5 a6 4. Ba4 Nf6 5. Qe2 b5 6. Bb3 Bc5 7. c3 Bb6 8. d3
O-O 9. Nbd2 d5 10. O-O d4 11. Re1 dxc3 12. bxc3 Ng4 13. Rf1 Be6 14. Bc2 b4 15.
Bb2 bxc3 16. Bxc3 Nd4 17. Bxd4 Bxd4 18. Nxd4 Qxd4 19. Nb3 Qd6 20. h3 Nf6 21.
Rab1 Nd7 22. Rfd1 Rfd8 23. Rd2 a5 24. Nc1 Rab8 25. Rxb8 Rxb8 26. Bb3 a4 27.
Bxa4 Rb1 28. Rc2 Qa3 29. Bxd7 Rxc1+ 30. Kh2 Bxd7 31. Qd2 Rxc2 32. Qxc2 c5 33.
Qc4 Be6 34. Qb5 h6 35. Qb8+ Kh7 36. Qxe5 Qxd3 37. Qxc5 Qxe4 38. a3 Bd5 39. f3
Qc4 40. Qa5 g6 41. Qa7 h5 42. a4 Qf4+ 43. Kg1 Qc1+ 44. Kh2 Qc6 45. a5 Qb7 46.
Qd4 Qc7+ 47. Kg1 Qxa5 48. Qf6 Qe1+ 49. Kh2 Qe6 50. Qf4 Qf5 51. Qh4 Kh6 52. Qf2
g5 53. Qb6+ Qe6 54. Qd8 Qe5+ 55. Kg1 Kg7 56. Qc8 Be6 57. Qe8 g4 58. hxg4 hxg4
59. fxg4 Qe1+ 60. Kh2 Qh4+ 61. Kg1 Qxg4 62. Qb8 Kg6 63. Qg8+ Kf5 64. Qh7+ Qg6
65. Qh3+ Kf6 66. Qh4+ Kg7 67. Qd4+ Qf6 68. Qd3 Qe5 69. Qf3 Bd5 70. Qg4+ Kf6
71. Qh4+ Qg5 72. Qd4+ Kg6 73. Qd3+ Kg7 74. Qc3+ Kh7 75. Qh3+ Kg8 76. Qc8+ Kg7
77. Qc3+ f6 78. Qc7+ Kg6 79. Qc2+ Kh6 80. Qf2 Qxg2+ 81. Qxg2 Bxg2 82. Kxg2 Kg6
83. Kg3 Kg5 84. Kf3 Kf5 85. Kg2 Ke4 86. Kf1 Kf3 {#R} 0-1

[Event "Torneio Interno de Inverno ALEX 2016"]
[Site "Rio de Janeiro"]
[Date "2016.07.05"]
[Round "2.4"]
[White "Lima, Juarez"]
[Black "Rabello, David"]
[Result "1-0"]
[WhiteElo "1972"]
[BlackElo "1800"]
[EventType "Swiss"]
[EventRounds "6"]
[EventCountry "BRA"]

1. e4 b6 2. d4 Bb7 3. Nc3 e6 4. Nf3 Bb4 5. Bd3 Nf6 6. Bg5 h6 7. Bxf6 Qxf6 8.
O-O Nc6 9. d5 Ne5 10. Nd4 Bxc3 11. bxc3 exd5 12. exd5 Bxd5 13. Re1 O-O 14. Nf5
Qg5 15. Ng3 Rfe8 16. Be4 Bxe4 17. Rxe4 d5 18. f4 Qg6 19. Rxe5 Rxe5 20. fxe5
Re8 21. Qd3 Qg5 22. Re1 Rxe5 23. Rxe5 Qxe5 24. h3 c6 25. Nf5 Qe1+ 26. Kh2 Qe5+
27. g3 Qe1 28. Qe3 Qd1 29. Qd3 Qe1 30. h4 Qf2+ 31. Kh3 Kf8 32. Nd4 c5 33. Qf5
Qg1 34. Qc8+ Ke7 35. Qc7+ Kf8 36. Qd8# 1-0

[Event "Torneio Interno de Inverno ALEX 2016"]
[Site "Rio de Janeiro"]
[Date "2016.07.04"]
[Round "2.5"]
[White "Soares, Estevao Luis"]
[Black "Pereira, Emmanuel"]
[Result "1-0"]
[WhiteElo "2023"]
[BlackElo "1738"]
[EventType "Swiss"]
[EventRounds "6"]
[EventCountry "BRA"]

1. e4 c5 2. Nc3 d6 3. f4 Nc6 4. Nf3 e6 5. Bb5 a6 6. Bxc6+ bxc6 7. O-O Nf6 8.
d3 Be7 9. Qe1 O-O 10. e5 Nd5 11. Ne4 f6 12. Qg3 Kh8 13. a3 fxe5 14. fxe5 dxe5
15. Qxe5 Rf5 16. Qg3 Qf8 17. c4 Nf4 18. Bxf4 Rxf4 19. Ne5 Rf5 20. Nxc6 Bf6 21.
Nxf6 Qxf6 22. Rxf5 exf5 23. Qc7 Be6 24. Re1 Rc8 25. Qxc8+ {#r} 1-0

[Event "Torneio Interno de Inverno ALEX 2016"]
[Site "Rio de Janeiro"]
[Date "2016.07.05"]
[Round "2.6"]
[White "Madeu, Fernando"]
[Black "Silveira, Jorge"]
[Result "1-0"]
[WhiteElo "2006"]
[BlackElo "1712"]
[EventType "Swiss"]
[EventRounds "6"]
[EventCountry "BRA"]

1. e4 d6 2. Nc3 Nf6 3. d4 g6 4. Nf3 Bg7 5. Be2 O-O 6. O-O Nbd7 7. Re1 c6 8.
Bf1 e5 9. h3 Qc7 10. Be3 a6 11. a4 Rb8 12. Qd2 b5 13. axb5 axb5 14. dxe5 dxe5
15. Ra7 Bb7 16. Rd1 Ra8 17. Rxa8 Rxa8 18. b3 Bf8 19. g4 Bb4 20. Nxb5 Qa5 21.
c3 cxb5 22. cxb4 Qa2 23. Qxa2 Rxa2 24. g5 Bxe4 25. gxf6 Nxf6 26. Nxe5 Kg7 27.
Bxb5 Bc2 28. Rc1 Bxb3 29. Bd4 Be6 30. Nd7 Bxd7 31. Bxd7 Rd2 32. Bxf6+ Kxf6 33.
Bc6 Rd3 34. Kg2 Rd4 35. b5 Rb4 36. Re1 h5 37. Kf3 g5 38. Re4 Rb3+ 39. Re3 Rb4
40. Be8 Kg7 41. Rd3 g4+ 42. hxg4 hxg4+ 43. Kg3 f5 44. Rd5 Rb3+ 45. Kf4 Rf3+
46. Kg5 Rxf2 47. Rd7+ Kf8 48. Bg6 Re2 49. Kf6 {#r} 1-0

[Event "Torneio Interno de Inverno ALEX 2016"]
[Site "Rio de Janeiro"]
[Date "2016.07.05"]
[Round "2.7"]
[White "Pinon, Antonio Marcos"]
[Black "Ribeiro de Carvalho, Irahy"]
[Result "1-0"]
[WhiteElo "1715"]
[BlackElo "1634"]
[EventType "Swiss"]
[EventRounds "6"]
[EventCountry "BRA"]

1. d4 d5 2. Bf4 Nf6 3. e3 Nc6 4. Nd2 Bd7 5. c4 e6 6. Rc1 Be7 7. Ngf3 Bd6 8.
Ne5 Bxe5 9. Bxe5 Nxe5 10. dxe5 Ne4 11. cxd5 exd5 12. Nb3 O-O 13. Qxd5 Bf5 14.
Qxd8 Raxd8 15. Rxc7 Rb8 16. Be2 f6 17. Nd4 Bg6 18. e6 f5 19. O-O f4 20. Bc4
Kh8 21. e7 Rfc8 22. Ne6 Rxc7 23. Nxc7 Rc8 24. Bb5 Rxc7 25. Rd1 h6 26. e8=Q+
Bxe8 27. Bxe8 Rc2 28. Bg6 Nd6 29. Bxc2 {#r} 1-0

[Event "Torneio Interno de Inverno ALEX 2016"]
[Site "Rio de Janeiro"]
[Date "2016.07.05"]
[Round "2.8"]
[White "Faraco, Pedro"]
[Black "Almeida, Flavio"]
[Result "0-1"]
[WhiteElo "1415"]
[BlackElo "1867"]
[EventType "Swiss"]
[EventRounds "6"]
[EventCountry "BRA"]

1. e4 c6 2. d4 d5 3. Nc3 dxe4 4. Nxe4 Nd7 5. Nf3 Ngf6 6. Ng3 g6 7. Bc4 e6 8.
O-O Bg7 9. Re1 O-O 10. Bb3 Qc7 11. Ne5 Nxe5 12. Bf4 Nfd7 13. Qe2 b6 14. Bxe5
Nxe5 15. dxe5 Bb7 16. Rad1 Rfd8 17. Rxd8+ Rxd8 18. c3 c5 19. Bc2 Bd5 20. a3 c4
21. Be4 Qxe5 22. Bxd5 Qxe2 23. Rxe2 Rxd5 24. f3 Bf8 25. Ne4 Kg7 26. Rd2 h6 27.
Kf1 f5 28. Rxd5 exd5 29. Nd2 Kf6 30. Ke2 Bc5 31. b4 cxb3 32. Nxb3 Bxa3 33. Kd3
Bc5 34. Nxc5 bxc5 35. f4 a5 36. Kc2 Ke6 37. Kb3 Kd6 38. Ka4 d4 39. c4 g5 40.
g3 gxf4 41. gxf4 h5 42. h4 Kc7 43. Kb3 Kc6 44. Ka4 Kb6 45. Kb3 a4+ 46. Kxa4
Ka6 47. Kb3 Ka5 48. Ka3 d3 49. Kb3 d2 50. Kc2 Kb4 51. Kxd2 Kxc4 52. Kc2 Kd4
53. Kd2 Ke4 {#R} 0-1

[Event "Torneio Interno de Inverno ALEX 2016"]
[Site "Rio de Janeiro"]
[Date "2016.07.05"]
[Round "2.9"]
[White "Tiomno, Luiz Sergio"]
[Black "Faria, Daniel"]
[Result "1/2-1/2"]
[WhiteElo "1678"]
[BlackElo "1477"]
[EventType "Swiss"]
[EventRounds "6"]
[EventCountry "BRA"]

1. e4 Nc6 2. Nf3 d6 3. b3 f5 4. Nc3 Nf6 5. exf5 Bxf5 6. Bb2 Qd7 7. Bb5 O-O-O
8. d3 a6 9. Bxc6 Qxc6 10. Qd2 Bg4 11. Qe3 Kb8 12. O-O-O e5 13. Ne4 h5 14. h3
Bxf3 15. Qxf3 Nd5 16. Ng5 Re8 17. a3 Rh6 18. c4 Be7 19. Ne4 b5 20. Kb1 bxc4
21. dxc4 Nf4 22. g3 Rf6 23. Nd2 Qxf3 24. Nxf3 Nxh3 25. Nxe5 dxe5 26. Rxh3 Rxf2
27. Bxe5 Kb7 28. b4 Bf6 29. Bxf6 Rxf6 30. Rxh5 Re3 31. Rd8 Rff3 32. Rhh8 Rxa3
33. b5 axb5 34. Rb8+ Kc6 {#d} 1/2-1/2

[Event "Torneio Interno de Inverno ALEX 2016"]
[Site "Rio de Janeiro"]
[Date "2016.07.12"]
[Round "3.1"]
[White "Frota, Alvaro"]
[Black "Lima, Juarez"]
[Result "0-1"]
[WhiteElo "2007"]
[BlackElo "1972"]
[EventType "Swiss"]
[EventRounds "6"]
[EventCountry "BRA"]

1. e4 e5 2. Nf3 Nf6 3. d4 exd4 4. Qxd4 Nc6 5. Qe3 Be7 6. Bc4 O-O 7. O-O d6 8.
h3 Ne5 9. Nxe5 dxe5 10. Nc3 c6 11. a4 Qc7 12. Bd2 Kh8 13. Ne2 h6 14. Ng3 Kh7
15. Bc3 b6 16. Rad1 a6 17. Nf5 Nh5 18. Kh1 Nf4 19. g3 Nxh3 20. f4 f6 21. fxe5
fxe5 22. Nxe7 Qxe7 23. Rxf8 Qxf8 24. Rf1 Qd6 25. Be2 b5 26. Rd1 Qe6 27. Bb4
Ng5 28. g4 Nf7 29. Kg2 Qg6 30. Kg3 c5 31. Bxc5 Bb7 32. Rd7 Bc6 33. Rc7 Ng5 34.
Bd3 Bxe4 35. Be7 Bxd3 36. cxd3 Nf7 37. Qf3 Rb8 38. Rc6 Ng5 39. Rxg6 Nxf3 40.
Rxa6 Nd4 41. Bd6 Re8 42. axb5 Nxb5 43. Bc5 Nc7 44. Rc6 Ne6 45. Bd6 Nf4 46. b4
{ ( Tempo )} {#R} 0-1

[Event "Torneio Interno de Inverno ALEX 2016"]
[Site "Rio de Janeiro"]
[Date "2016.07.12"]
[Round "3.2"]
[White "Murilo, Sergio"]
[Black "Alves Rolim, Carlos"]
[Result "1/2-1/2"]
[WhiteElo "1994"]
[BlackElo "1908"]
[EventType "Swiss"]
[EventRounds "6"]
[EventCountry "BRA"]

1. e4 c5 2. Nc3 e6 3. g3 Nc6 4. Bg2 a6 5. d3 b5 6. Be3 Bb7 7. f4 g6 8. Nh3 b4
9. Ne2 Bg7 10. Qc1 Nd4 11. Nf2 Nxe2 12. Kxe2 Rc8 13. Rd1 Nf6 14. Kf1 d5 15. e5
Nd7 16. c3 a5 17. Kg1 Qb6 18. Rb1 d4 19. Bd2 Bxg2 20. Kxg2 f5 21. exf6 Nxf6
22. Re1 h5 23. Qd1 Qc6+ 24. Qf3 Ng4 25. Qxc6+ Rxc6 26. c4 Nxf2 27. Kxf2 Kf7
28. Kf3 Re8 29. Re4 e5 30. Rbe1 Rce6 31. b3 Bh6 32. R1e2 exf4 33. Bxf4 Bxf4
34. Rxe6 Rxe6 35. Rxe6 Kxe6 36. Kxf4 Kf6 37. h4 Kf7 38. Kg5 Kg7 39. Kf4 Kf6
40. Ke4 {#d} 1/2-1/2

[Event "Torneio Interno de Inverno ALEX 2016"]
[Site "Rio de Janeiro"]
[Date "2016.07.12"]
[Round "3.3"]
[White "Madeu, Fernando"]
[Black "Soares, Estevao Luis"]
[Result "1-0"]
[WhiteElo "2006"]
[BlackElo "2023"]
[EventType "Swiss"]
[EventRounds "6"]
[EventCountry "BRA"]

1. e4 g6 2. d4 Bg7 3. Nc3 c5 4. Nf3 cxd4 5. Nxd4 Nc6 6. Be3 d6 7. Bc4 Nf6 8.
f3 Ne5 9. Bb3 Bd7 10. Qd2 h5 11. h4 Rc8 12. Bg5 Nc4 13. Bxc4 Rxc4 14. Nde2 Qc8
15. O-O-O Be6 16. Nf4 Rxc3 17. Nxe6 Rxc2+ 18. Qxc2 Qxe6 19. e5 O-O 20. exf6
exf6 21. Rhe1 Qd7 22. Bd2 Rc8 23. Bc3 b5 24. Qd3 b4 25. Qxd6 Bh6+ 26. Kb1 Qxd6
27. Rxd6 bxc3 28. bxc3 Rxc3 29. Rd8+ Kg7 30. Rd7 f5 31. Ree7 Kf6 32. Kb2 Rc4
33. Rxf7+ Ke5 34. Rxa7 Rxh4 35. Rfe7+ Kf6 36. Re2 Rd4 37. Kc2 Bf4 38. Ra3 Rc4+
39. Rc3 Ra4 40. Kb3 Ra6 41. a4 h4 42. Rc5 g5 43. Rc4 Bg3 44. Kb4 Rb6+ 45. Kc5
Rb1 46. Ra2 Bh2 47. a5 Bg1+ 48. Kc6 g4 49. fxg4 fxg4 50. Rxg4 Rc1+ 51. Kd5
Rc5+ 52. Kd6 Rh5 53. a6 Rh7 54. Raa4 Be3 55. Rxh4 Rg7 56. Rhg4 Rh7 57. Rg3 Bg5
58. Rf3+ Kg6 59. Rb3 Be7+ 60. Ke6 Bc5 61. Rb7 Rh8 62. Kd5 Bg1 63. Kc6 Kf6 64.
a7 Rc8+ 65. Rc7 Ra8 66. Kb7 {#r} 1-0

[Event "Torneio Interno de Inverno ALEX 2016"]
[Site "Rio de Janeiro"]
[Date "2016.07.12"]
[Round "3.4"]
[White "Ramos Simoes, Leo"]
[Black "Pereira, Emmanuel"]
[Result "1-0"]
[WhiteElo "2051"]
[BlackElo "1738"]
[EventType "Swiss"]
[EventRounds "6"]
[EventCountry "BRA"]

1. e4 c5 2. Nf3 d6 3. d4 cxd4 4. Nxd4 e5 5. Bb5+ Bd7 6. Bxd7+ Nxd7 7. Nf5 Nb6
8. Nc3 g6 9. Ng3 Nf6 10. Qe2 Bg7 11. Be3 O-O 12. O-O-O a6 13. f3 Rc8 14. h4
Nc4 15. Bf2 b5 16. h5 b4 17. Nd5 Re8 18. hxg6 fxg6 19. Nxf6+ Bxf6 20. Qd3 Qa5
21. Qb3 Bg5+ 22. Kb1 Kg7 23. Be1 Qc7 24. Bxb4 Rb8 25. Qc3 a5 26. Bxd6 Rxb2+
27. Qxb2 Nxb2 28. Bxc7 Nxd1 29. Rxd1 {#r} 1-0

[Event "Torneio Interno de Inverno ALEX 2016"]
[Site "Rio de Janeiro"]
[Date "2016.07.12"]
[Round "3.5"]
[White "Almeida, Flavio"]
[Black "Pinon, Antonio Marcos"]
[Result "1-0"]
[WhiteElo "1867"]
[BlackElo "1715"]
[EventType "Swiss"]
[EventRounds "6"]
[EventCountry "BRA"]

1. d4 Nf6 2. Bf4 e6 3. Nf3 c5 4. e3 Qb6 5. b3 cxd4 6. exd4 Nc6 7. Be2 Nd5 8.
Qd2 Nxf4 9. Qxf4 Qa5+ 10. Qd2 Bb4 11. c3 Be7 12. O-O d5 13. a4 O-O 14. b4 Qd8
15. Na3 Bd7 16. a5 a6 17. Rfe1 Bd6 18. g3 Qe7 19. Nc2 Rac8 20. Ne3 g5 21. Ng4
f5 22. Nge5 f4 23. Nxd7 Qxd7 24. Nxg5 e5 25. dxe5 Bxe5 26. Nf3 Rce8 27. Rac1
fxg3 28. fxg3 Rf5 29. Nh4 Rg5 30. Qxg5+ Bg7 31. Bg4 Rxe1+ 32. Rxe1 {#r} 1-0

[Event "Torneio Interno de Inverno ALEX 2016"]
[Site "Rio de Janeiro"]
[Date "2016.07.12"]
[Round "3.6"]
[White "de Souza Negreiros, Diogenes"]
[Black "Siqueira de Azevedo, Thiago"]
[Result "0-1"]
[WhiteElo "1629"]
[BlackElo "1848"]
[EventType "Swiss"]
[EventRounds "6"]
[EventCountry "BRA"]

1. d4 d5 2. c4 dxc4 3. Nf3 e6 4. Nc3 Nf6 5. Bg5 Be7 6. e3 Nbd7 7. Bxc4 a6 8.
O-O O-O 9. Rc1 b5 10. Bd3 Bb7 11. Bb1 c5 12. Qe2 cxd4 13. Nxd4 Qb6 14. Rfd1
Rfe8 15. e4 Ne5 16. f4 Nc6 17. Qd3 Nxd4 18. Qxd4 Bc5 19. Ne2 Bxd4+ 20. Nxd4
Nxe4 21. Bxe4 Bxe4 22. Kh1 Rac8 23. Ne2 f6 24. Bh4 g5 25. fxg5 fxg5 26. Bxg5
Qf2 27. Nf4 e5 {#R} 0-1

[Event "Torneio Interno de Inverno ALEX 2016"]
[Site "Rio de Janeiro"]
[Date "2016.07.12"]
[Round "3.7"]
[White "Rabello, David"]
[Black "Von Calmbach, Guilherme"]
[Result "1-0"]
[WhiteElo "1800"]
[BlackElo "1634"]
[EventType "Swiss"]
[EventRounds "6"]
[EventCountry "BRA"]

1. e4 e5 2. Bc4 Nf6 3. Nf3 Nxe4 4. Nc3 Nf6 5. Nxe5 d5 6. Qe2 Be6 7. Bb3 c6 8.
d4 Nbd7 9. Bg5 Be7 10. O-O O-O 11. f4 Nxe5 12. fxe5 Ne4 13. Nxe4 Bxg5 14. Nd6
Qc7 15. c3 Be7 16. Nf5 Bxf5 17. Rxf5 Rae8 18. Bc2 g6 19. Qg4 Qc8 20. Raf1 h5
21. Qh3 Qe6 22. R1f3 h4 23. Qg4 Kh7 24. Qf4 Kg7 25. Qg4 Kh7 26. h3 Kg7 27. g3
c5 28. gxh4 Bxh4 29. Qxh4 cxd4 30. cxd4 Re7 31. Rh5 Rg8 32. Rh7+ Kf8 33. Rh8
f5 34. exf6 Qe1+ 35. Qxe1 Rxe1+ 36. Kf2 Rf1+ 37. Kxf1 Rxh8 38. Bxg6 Rh6 39.
Bc2 Kf7 40. Bb3 Rxf6 41. Bxd5+ Kg7 42. Rxf6 Kxf6 43. Bxb7 {#r} 1-0

[Event "Torneio Interno de Inverno ALEX 2016"]
[Site "Rio de Janeiro"]
[Date "2016.07.12"]
[Round "3.8"]
[White "Orlandi Neto, Aristides"]
[Black "Luz da Costa, Carlos Henrique"]
[Result "1-0"]
[WhiteElo "1774"]
[BlackElo "1585"]
[EventType "Swiss"]
[EventRounds "6"]
[EventCountry "BRA"]

1. e4 e6 2. d4 a6 3. Nf3 d5 4. e5 c5 5. c3 Nc6 6. Be2 Qb6 7. O-O Nge7 8. Na3
Nf5 9. Nc2 cxd4 10. cxd4 Bd7 11. g4 Nfe7 12. a3 Ng6 13. b4 Be7 14. Be3 O-O 15.
Qd2 Qd8 16. Rac1 f6 17. Bd3 Be8 18. exf6 Bxf6 19. Bxg6 Bxg6 20. g5 Be7 21. Nh4
Bh5 22. f4 g6 23. Ne1 Rf7 24. Nd3 Bd6 25. Ng2 Rc8 26. h3 Rfc7 27. Ne5 Ne7 28.
Rxc7 Rxc7 29. Rc1 Qc8 30. Rxc7 Qxc7 31. Ne1 Nf5 32. N1d3 Nxe3 33. Qxe3 Qc2 34.
Nd7 Qd1+ 35. Ne1 Qe2 36. Nf6+ Kf7 37. Qxe2 Bxe2 38. Kf2 Bc4 39. Ke3 h5 40. Nf3
Bf1 41. h4 Bb5 42. Ne5+ Kg7 43. Kd2 a5 44. Kc3 axb4+ 45. axb4 Ba4 46. Nd3 Bb5
47. Nc5 Bb8 48. Nxe6+ Kf7 49. Nd8+ Ke7 50. Nxb7 Ke6 51. Nc5+ Kd6 52. Nd3 Bxd3
53. Kxd3 Kc6 54. Ke3 Bd6 55. b5+ Kxb5 56. Nxd5 Kc6 57. Ke4 Kd7 58. Ne3 Ke6 59.
f5+ Kf7 60. fxg6+ Kxg6 61. Nf5 Bb4 62. d5 Bc3 63. d6 Kf7 64. Kd5 Ke8 65. Ke6
Kf8 66. g6 Ba5 67. Kd7 Bb6 68. Kc8 Kg8 69. d7 Kf8 70. d8=Q+ Bxd8 71. Kxd8 Kg8
72. Ke7 Kh8 73. Kf6 Kg8 74. Nh6+ Kh8 75. g7+ {#r} 1-0

[Event "Torneio Interno de Inverno ALEX 2016"]
[Site "Rio de Janeiro"]
[Date "2016.07.12"]
[Round "3.9"]
[White "Silveira, Jorge"]
[Black "Faria, Daniel"]
[Result "1-0"]
[WhiteElo "1712"]
[BlackElo "1477"]
[EventType "Swiss"]
[EventRounds "6"]
[EventCountry "BRA"]

1. Nf3 c5 2. g3 e6 3. Bg2 Bd6 4. O-O Nc6 5. d4 Qb6 6. c3 cxd4 7. cxd4 Nge7 8.
e4 f5 9. e5 Bc7 10. Nc3 a6 11. Re1 Nb4 12. Bg5 Ned5 13. a3 Nxc3 14. bxc3 h6
15. Bd2 Nd3 16. Re3 Nxf2 17. Kxf2 f4 18. gxf4 O-O 19. Re1 Bd8 20. Qc2 d6 21.
Qg6 dxe5 22. fxe5 Qb2 23. Kg1 Rxf3 24. Bxh6 Qf2+ 25. Kh1 Rf6 26. exf6 Bxf6 27.
Bg5 Bxg5 28. Qxg5 Bd7 29. Rg1 Bc6 30. Bxc6 {#r} 1-0

[Event "Torneio Interno de Inverno ALEX 2016"]
[Site "Rio de Janeiro"]
[Date "2016.07.19"]
[Round "4.2"]
[White "Alves Rolim, Carlos"]
[Black "Madeu, Fernando"]
[Result "0-1"]
[WhiteElo "1908"]
[BlackElo "2006"]
[EventType "Swiss"]
[EventRounds "6"]
[EventCountry "BRA"]

1. d4 d5 2. c4 e6 3. Nc3 Nf6 4. Nf3 Nbd7 5. Bg5 c6 6. e3 Qa5 7. Nd2 dxc4 8.
Bxf6 Nxf6 9. Nxc4 Qc7 10. Bd3 Be7 11. O-O O-O 12. Rc1 Rd8 13. Ne5 Bd7 14. Bb1
Be8 15. Qc2 g6 16. a3 Rac8 17. b4 a5 18. Na2 Nd5 19. Qd2 Nxb4 20. axb4 Qxe5
21. bxa5 c5 22. Qb2 cxd4 23. Rxc8 Rxc8 24. Qxb7 Bd6 25. g3 Rb8 26. exd4 Qxa5
27. Qe4 Rb2 28. Nc1 Qb6 29. Ne2 Bc6 30. Qd3 Bb5 31. Qe4 Bxe2 32. Re1 Bf3 33.
Qe3 Rxb1 34. h4 Rxe1+ 35. Qxe1 Qxd4 36. Kh2 Qxh4+ {#R} 0-1

[Event "Torneio Interno de Inverno ALEX 2016"]
[Site "Rio de Janeiro"]
[Date "2016.07.19"]
[Round "4.3"]
[White "Siqueira de Azevedo, Thiago"]
[Black "Ramos Simoes, Leo"]
[Result "0-1"]
[WhiteElo "1848"]
[BlackElo "2051"]
[EventType "Swiss"]
[EventRounds "6"]
[EventCountry "BRA"]

1. e4 c5 2. Nf3 e6 3. c3 Nf6 4. d3 Be7 5. Be2 O-O 6. O-O b6 7. Nbd2 Bb7 8. Re1
Nc6 9. Nf1 d5 10. exd5 exd5 11. Bf4 Nh5 12. Be3 Nf6 13. Bf4 d4 14. Rc1 Nd5 15.
Qd2 dxc3 16. bxc3 Nxf4 17. Qxf4 Bd6 18. Qd2 Qf6 19. Rcd1 Bf4 20. Qc2 Rfe8 21.
N1d2 Qg6 22. Nh4 Qh6 23. g3 Ne5 24. d4 cxd4 25. cxd4 Rac8 26. Qf5 Bxd2 27.
dxe5 Bxe1 28. Rxe1 Qd2 29. Rf1 {#R} 0-1